000 01532cam a22003131i 4500
003 SA-RiAUC
005 20250705124220.0
008 250704s1980 su g b 00100 ara c
040 _aSA-MaUQU
_bara
_cSA-RiAUC
_erda
082 0 4 _a001.42
090 _a001.42
_bا ب و س
100 1 _aأبو سليمان، عبد الوهاب إبراهيم محمد،
_d1355-1444 هجري
_eمؤلف.
245 1 0 _aكتابة البحث العلمي ومصادر الدراسات القرآنية والسنة النبوية والعقيدة الإسلامية :
_bعلوم الشريعة، اللغة العربية وآدابها، التاريخ الإسلامي /
_cعبد الوهاب إبراهيم أبو سليمان.
250 _aالطبعة الأولى.
264 1 _aجدة، السعودية :
_bدار الشروق،
_c1980
300 _a680 صفحة ؛
_c28 سم
336 _aنص
_btxt
_2rdacontent
_3كتاب
337 _aبدون وسيط
_bn
_2rdamedia
338 _aمجلد
_bnc
_2rdacarrier
500 _aكشاف بالأعلام والأمم والقبائل والشعوب والأماكن : صفحة 639-679.
504 _aببليوجرافية : صفحة 627-638.
650 7 _aطرق البحث
_2aucsh
650 7 _aالإسلام
_xمناهج بحث
_2aucsh
650 7 _aاللغة العربية
_xمناهج بحث
_2aucsh
650 7 _aالتاريخ الإسلامي
_xمناهج بحث
_2aucsh
653 _aالديانات
942 _2ddc
_cBOOK
_n0
949 _aSA-JeALM
_d250704
_umohamedma123
_n1
999 _c9487
_d9487